01073cam a22002651 45000010005000000030008000050050017000130080041000300350019000710400030000900410008001200820031001281000031001592450054001902600057002443000029003014900055003305000021003856500031004068300064004379420012005019990015005139520140005289520139006687351BD-RjUL20211208234413.0140113r19531951xx 000 0 eng d a(BD-RjUL) 7394 aDLCcOCdDLCdBD-RjUbeng aeng00223a332.414bHAS 1953-19611 aHansen, Bent,d1920-9877712aA study in the theory of inflation /cBent Hansen aNew York :bRinehart, c1951 [Impression 1953-1961]] a262 p. :bill. ;c23 cm.0 aThe Library of economics. Section 2: New works,v4 aIncludes index.  0aInflation (Finance)922971 aThe Library of economics. Section 2: New works ;v49134026 2ddccBK c7351d7351 00102ddc40718NFICaRUCLbRUCLcreadingd1956-04-05eA.B.A calg14.10l0o332.414 HAS 1953r2014-01-13 00:00:00tC-1w2014-01-13yBK 00102ddc40708NFICaRUCLbRUCLcStackd1962-12-10eZeitlingerg25.00l0o332.414 HAS 1961r2016-06-25 00:00:00tC-2w2016-06-25yBK